<?xml version="1.0" encoding="UTF-8"?><?xml-stylesheet type="text/xsl" href="static/style.xsl"?><OAI-PMH xmlns="http://www.openarchives.org/OAI/2.0/" xmlns:xsi="http://www.w3.org/2001/XMLSchema-instance" xsi:schemaLocation="http://www.openarchives.org/OAI/2.0/ http://www.openarchives.org/OAI/2.0/OAI-PMH.xsd"><responseDate>2026-04-17T07:14:37Z</responseDate><request verb="GetRecord" identifier="oai:www.recercat.cat:10230/60841" metadataPrefix="marc">https://recercat.cat/oai/request</request><GetRecord><record><header><identifier>oai:recercat.cat:10230/60841</identifier><datestamp>2025-12-22T02:17:42Z</datestamp><setSpec>com_2072_6</setSpec><setSpec>col_2072_452953</setSpec></header><metadata><record xmlns="http://www.loc.gov/MARC21/slim" xmlns:dcterms="http://purl.org/dc/terms/" xmlns:xsi="http://www.w3.org/2001/XMLSchema-instance" xmlns:doc="http://www.lyncode.com/xoai" xsi:schemaLocation="http://www.loc.gov/MARC21/slim http://www.loc.gov/standards/marcxml/schema/MARC21slim.xsd">
   <leader>00925njm 22002777a 4500</leader>
   <datafield ind2=" " ind1=" " tag="042">
      <subfield code="a">dc</subfield>
   </datafield>
   <datafield ind2=" " ind1=" " tag="720">
      <subfield code="a">Universitat Pompeu Fabra. Observatori de Neologia</subfield>
      <subfield code="e">author</subfield>
   </datafield>
   <datafield ind2=" " ind1=" " tag="260">
      <subfield code="c">2024-07-25T14:31:14Z</subfield>
   </datafield>
   <datafield ind2=" " ind1=" " tag="260">
      <subfield code="c">2024-07-25T14:31:14Z</subfield>
   </datafield>
   <datafield ind2=" " ind1=" " tag="260">
      <subfield code="c">2024</subfield>
   </datafield>
   <datafield ind2=" " ind1=" " tag="520">
      <subfield code="a">L’Observatori de Neologia és un projecte d’investigació que pretén analitzar el fenomen de l’aparició de paraules noves en l’ús a través de textos escrits i orals de llengua general en català i en castellà. En aquest volum es pot trobar un llistat ordenat alfabèticament dels 3.798 neologismes diferents corresponents al buidatge en català realitzat durant l’any 2021 de textos escrits i orals. La fitxa de cada neologisme conté les informacions següents: entrada, categoria gramatical, nombre d’ocurrències, context, font i data del text de buidatge.&#xd;
Atès que per identificar els neologismes es té en compte el criteri lexicogràfic, el corpus d’exclusió ha estat el conjunt d’obres següent: Diccionari de la llengua catalana del Institut d’Estudis Calatans [DIEC2] i Gran Diccionari de la Llengua Catalana [GDLC].&#xd;
La metodologia emprada per al buidatge i tractament dels neologismes es pot consultar a: &amp;lt;https://repositori.upf.edu/bitstream/handle/10230/1307/04mon009.pdf&amp;gt;.</subfield>
   </datafield>
   <datafield tag="653" ind2=" " ind1=" ">
      <subfield code="a">Neologismes</subfield>
   </datafield>
   <datafield tag="653" ind2=" " ind1=" ">
      <subfield code="a">Lexicografia</subfield>
   </datafield>
   <datafield tag="653" ind2=" " ind1=" ">
      <subfield code="a">Innovació lèxica</subfield>
   </datafield>
   <datafield tag="653" ind2=" " ind1=" ">
      <subfield code="a">Mitjans de comunicació</subfield>
   </datafield>
   <datafield ind2="0" ind1="0" tag="245">
      <subfield code="a">Neologismes documentats en textos escrits i orals en català (2021)</subfield>
   </datafield>
</record></metadata></record></GetRecord></OAI-PMH>